00740nam a22002177a 4500003000500000005001700005008004100022010001000063011001000073035001000083040000900093110007300102245003900175260003000214300001600244490002800260500011700288650005300405650003600458830002800494CHAP20220329134416.0971013s1973 r 00010 d a20095 a21067 a25156 cCHAP aCentro Nacional de Productividad, A. C. México. Programa Campesino aSociedad local de crédito ejidal aMéxico :b(s.e.),c1973 av.b: ilus. aCNPMPC. Cuadernos 14-15 aLa biblioteca tiene: v.1 Reunión de la asamble general de sociaos -- v.2 Derechos y obligaciones de los socios14aCrédito agrícolaxAsociaciones cooperativas.14aCrédito agrícolazMéxico.0 aCNPMPC. Cuadernos 14-15